| 000 | 01030nam a22002297a 4500 | ||
|---|---|---|---|
| 003 | KOHA_MİRAKIL | ||
| 005 | 20260428081320.0 | ||
| 008 | 260421b tu ||||| |||| 00| 0 tur d | ||
| 020 | _a9759513129 | ||
| 040 |
_aTR-AnABB _btur _cTR-AnABB |
||
| 041 | _atur | ||
| 082 |
_a728.370 472 095 61 _bGOK 2000 |
||
| 100 | 1 | _aGöksu, Çetin | |
| 245 | 1 | 0 |
_aAnadolu güneş uygarlığı / _cÇetin Göksu |
| 260 |
_aAnkara : _bİmaj yayınevi, _c2000 |
||
| 300 |
_a200 sayfa ; _c20 cm |
||
| 500 | _aYazar tarafından Prof. Dr. Ruşen Keleş için imzalanmıştır. | ||
| 505 | _aİçindekiler: Neden Güneş Uygarlığı- Yeni Bir Anadolu - Çevre Kirlenmesinin boyutları - Uygarlık sorunu ve güneş - Bilinç kirlenmesi ve güneş bilinci - Güneş uygarlığı projeleri - Anadolu güneş uygarlığı - Türkiye'nin enerji seçimi - Güneş teknolojileri - Anadolu güneş mimarisi - Güneş Uygarlığı projesi | ||
| 650 | 0 | 4 | _aMimari, Güneş enerjisi |
| 900 | _bCan ÇELIK | ||
| 942 |
_2ddc _cBK |
||
| 999 |
_c10312 _d10312 |
||